000 00640cam a2200241 a 4500
001 109123
005 20230410130935.0
008 820311s1981 sp 000 0 spa
010 _a 81159746
020 _a8432204323
040 _aDLC
_cDLC
_dDLC
041 _aspa
050 1 4 _aPQ 8498.32
_bV297s 1981
082 0 0 _a862
100 2 _aVargas Llosa, Mario,
_d1936-
245 1 3 _aLa seƱorita de Tacna
_bpieza en dos actos /
_cMario Vargas Llosa.
260 _aBarcelona
_bSeix Barral
_c1981.
300 _a146 p.
_c20 cm.
490 0 _aBiblioteca breve
_v463
650 4 _aLiteratura peruana
942 _2lcc
_cbk
946 _adpf
999 _c83163
_d83163